| 000 | 00693cam a22002174a 4500 | ||
|---|---|---|---|
| 008 | |||
| 020 | _a0878937684 (pbk.) | ||
| 049 | _aMAIN | ||
| 090 |
_aQH75 _bCON |
||
| 245 | 0 | 0 |
_aConservation biology with RAMAS Ecolab / _cSusanne M. Shultz ... [et al.]. |
| 260 |
_aSunderland, Massachusetts : _bSinauer Associates, _cc1999. |
||
| 300 |
_a216 p. : _bill. ; _c28 cm. |
||
| 504 | _aIncludes bibliographical references. | ||
| 650 | 0 |
_aConservation biology _vHandbooks, manuals, etc. |
|
| 700 | 1 | _aShultz, Susanne M. | |
| 907 |
_a.b10365783 _b16-11-15 _c16-11-15 |
||
| 003 | |||
| 005 | 20230123122156.0 | ||
| 040 | _cNUST | ||
| 942 |
_cBOOKS _kQH75 _mCON |
||
| 999 |
_c129112 _d129112 |
||